People known according to their death n°1 - Statistics

General Stats
  • This quiz has been taken 21 times
  • The average score is 2 of 10
Answer Stats
Deadly clues Names % Correct
Singer of a famous British group, he dies of the AIDS disease. Freddie Mercury
78%
Famous singer, he died poisoned by drugs. Michael Jackson
44%
The greatest French writer of the 19th century dies victim of pulmonary congestion. Victor Hugo
39%
He accidentally electrocuted himself while taking a bath. Claude François
33%
He commits suicide by eating an apple infused with cyanide. Alan Turing
11%
He is found dead in his car suffocated by his vomit. Bon Scott
6%
A senior French gendarmerie officer, known for having given his life after voluntarily substituting for a hostage during the terrorist attack of March 23, 2018. Arnaud Beltrame
0%
A vulture (raptor) dropped a living turtle on him, confusing his bald head with a stone. Eschyle
0%
Mayor of Braunau in Austria, he dies with a broken neck after stepping on his own beard. Hans Steininger
0%
French actor, he died following a stroke. Louis de Funès
0%
No matching quizzes found
Score Distribution
Percent of People with Each Score
Percentile by Number Answered
Your Score History
You have not taken this quiz